Загрузка...

The kusanas revisited: a survey of the economic life of the kusana empire

Библиографические подробности
Главный автор: Kumar, Ashwani
Формат: Printed Book
Опубликовано: Newdelhi Commonwealth 2015
Предметы:
LEADER 00508nam a2200145 4500
020 |a 9788131105443 
082 |a 934.05  |b KUM/K 
100 |a Kumar, Ashwani 
245 |a The kusanas revisited: a survey of the economic life of the kusana empire 
260 |a Newdelhi  |b Commonwealth  |c 2015 
300 |a xvi, 440p 
650 |a kusana 
942 |c BK 
999 |c 44674  |d 44674 
952 |0 0  |1 0  |4 0  |6 934_050000000000000_KUMK  |7 0  |8 Stack  |9 48627  |a KUCL  |b KUCL  |c Stack  |d 2018-01-24  |g 1795.00  |l 0  |o 934.05 KUM/K  |p 45248  |r 2018-01-24  |w 2018-01-24  |y BK